| 000 | 00382cam a2200157ua 4500 | ||
|---|---|---|---|
| 003 | OSt | ||
| 008 | 241224b |||||||| |||| 00| 0 eng d | ||
| 041 | _aeng | ||
| 082 |
_a621.319 _bBRO/FA |
||
| 100 |
_aBrown, Robert H . _96580 |
||
| 245 | _aFarm electrification / | ||
| 250 | _a1 / | ||
| 260 |
_aMumbai : _bAllied Publishers Pvt Ltd , _c1956. |
||
| 300 | _a367 ; . | ||
| 942 | _cBK | ||
| 999 |
_c9010 _d9010 |
||